000 00733nam a2200241 i 4500
001 17995
003 ES-MaACL
005 20230906151732.0
007 t|
008 010808s2000 sp ||||1| spa d
020 _a84-7245-480-0
080 _a821.21-94"19"
100 1 _aDevi, Maitreyi.
_944004
245 1 0 _aMircea
_b: una historia de amor /
_cMaitreyi Devi ; traducción del inglés y notas de Nicole d'Amonville Alegría.
250 _a1ª ed.
260 _aBarcelona :
_bKairós,
_c2000.
300 _a285 p. ;
_c20 cm.
490 1 _aKairós Literatura
700 1 _aAmonville Alegría, Nicole d'.
_921286
830 0 _aKairós Literatura
_9180367
852 _aES-MaACL
_jL-24766
_bR.129979
999 _c17995
_d17995